[Event "GER-ch U12"]
[Site "Oberhof"]
[Date "2010.05.28"]
[Round "9"]
[White "Altstadt, Karl Simon"]
[Black "Schmekel, Florian"]
[Result "1/2-1/2"]
[WhiteElo "1401"]
[BlackElo "1523"]
[PlyCount "120"]
[EventDate "2010.05.22"]
[EventType "swiss"]
[EventRounds "11"]
[EventCountry "GER"]
[SourceTitle "CBM 136 Extra"]
[Source "ChessBase"]
[SourceDate "2010.07.02"]
[SourceVersion "2"]
[SourceVersionDate "2010.07.15"]
[SourceQuality "1"]

1. e4 c5 2. Nf3 Nc6 3. d4 cxd4 4. Nxd4 g6 5. Nc3 Bg7 6. Be3 Nf6 7. Bc4 0-0 8. Bb3 d6 9. f3 Bd7 10. Qd2 a5 11. 0-0 Ne5 12. Rfd1 a4 13. Bd5 Nxd5 14. Nxd5 Nc4 15. Qb4 Nxe3 16. Nxe3 b5 17. Kh1 Qb6 18. Nd5 Qd8 19. Rac1 Rb8 20. Qe1 Bh6 21. Rb1 Rc8 22. Qh4 Bg7 23. Qxe7 Kh8 24. Qxd8 Rfxd8 25. Nb6 Rb8 26. Nxd7 Rxd7 27. c3 b4 28. Nc6 Rb6 29. Nxb4 Rdb7 30. h3 a3 31. b3 Rb5 32. Rxd6 Bxc3 33. Nd5 Bb2 34. Rd8+ Kg7 35. g4 Rxb3 36. axb3 a2 37. Rd1 Rxb3 38. Ra8 a1Q 39. Rdxa1 Bxa1 40. Rxa1 Rxf3 41. Kg2 Rd3 42. Ra8 Rd4 43. Re8 f5 44. Re7+ Kh6 45. Nf6 fxg4 46. hxg4 Kg5 47. e5 h5 48. gxh5 gxh5 49. Rg7+ Kf5 50. Nxh5 Kxe5 51. Rg5+ Ke6 52. Kf3 Ra4 53. Nf4+ Kd6 54. Rd5+ Kc6 55. Rd3 Kb5 56. Ke3 Rc4 57. Ne2 Rh4 58. Kd2 Kb4 59. Kc2 Rc4+ 60. Kb2 Kc5 1/2-1/2

[Event "GER-ch U12"]
[Site "Oberhof"]
[Date "2010.05.27"]
[Round "8"]
[White "Koch, Elisabeth"]
[Black "Altstadt, Karl Simon"]
[Result "0-1"]
[WhiteElo "1370"]
[BlackElo "1401"]
[PlyCount "80"]
[EventDate "2010.05.22"]
[EventType "swiss"]
[EventRounds "11"]
[EventCountry "GER"]
[SourceTitle "CBM 136 Extra"]
[Source "ChessBase"]
[SourceDate "2010.07.02"]
[SourceVersion "2"]
[SourceVersionDate "2010.07.15"]
[SourceQuality "1"]

1. e4 c5 2. Nf3 d6 3. d4 cxd4 4. Nxd4 Nf6 5. Nc3 a6 6. Be3 e6 7. f3 Be7 8. Qd2 Bd7 9. 0-0-0 b5 10. g4 b4 11. Nce2 a5 12. g5 Nh5 13. Bh3 g6 14. Bg4 Ng7 15. h4 e5 16. Nb3 a4 17. Na1 Bxg4 18. fxg4 Nc6 19. h5 a3 20. b3 Ne6 21. Rdf1 Bxg5 22. Ng3 Bxe3 23. Qxe3 Qg5 24. Qxg5 Nxg5 25. hxg6 fxg6 26. c3 bxc3 27. Kb1 Nd4 28. Rc1 Rc8 29. Nc2 Nb5 30. Rhd1 Nf3 31. Rd5 Nd2+ 32. Ka1 Rc5 33. Ne3 Rf8 34. b4 Rxd5 35. Nxd5 Rf3 36. Ne2 Nxe4 37. Kb1 Rd3 38. Nb6 Rd2 39. Ng1 c2+ 40. Rxc2 Nbc3+ 0-1

[Event "GER-ch U12"]
[Site "Oberhof"]
[Date "2010.05.24"]
[Round "4"]
[White "Kast, Larissa"]
[Black "Altstadt, Karl Simon"]
[Result "0-1"]
[WhiteElo "1136"]
[BlackElo "1401"]
[PlyCount "120"]
[EventDate "2010.05.22"]
[EventType "swiss"]
[EventRounds "11"]
[EventCountry "GER"]
[SourceTitle "CBM 136 Extra"]
[Source "ChessBase"]
[SourceDate "2010.07.02"]
[SourceVersion "2"]
[SourceVersionDate "2010.07.15"]
[SourceQuality "1"]

1. e4 c5 2. Nf3 d6 3. d4 cxd4 4. Nxd4 Nf6 5. f3 a6 6. Be3 e6 7. c4 Be7 8. Be2 0-0 9. 0-0 Qc7 10. Nd2 Bd7 11. Rc1 Nc6 12. Nxc6 Bxc6 13. Bd3 Rfe8 14. Qe1 Rac8 15. Qg3 Bf8 16. Bg5 Nd7 17. Qh3 Ne5 18. Bc2 Qb6+ 19. Kh1 h6 20. Bf4 Qxb2 21. Qg3 Ng6 22. Be3 Qf6 23. f4 Kh8 24. f5 Ne5 25. fxe6 Qxe6 26. Bb3 Nd3 27. Rc3 Bxe4 28. Bd4 Qg6 29. Qxg6 Bxg6 30. h3 Nc5 31. Bxc5 dxc5 32. Bc2 Bxc2 33. Rxc2 f6 34. Nf3 Bd6 35. Rd1 Rcd8 36. Rb1 Bg3 37. Rcc1 Rd7 38. Rf1 Re2 39. a3 Rc2 40. a4 Rxc4 41. Ra1 Kh7 42. Rab1 Rxa4 43. Rb3 c4 44. Rc3 b5 45. Rb1 a5 46. Kg1 Rb4 47. Rbc1 a4 48. Ra1 Be5 49. Nxe5 fxe5 50. Kh2 Rd3 51. Rc2 c3 52. h4 Rxh4+ 53. Kg1 Rhd4 54. Kh2 e4 55. Re1 b4 56. Rb1 b3 57. Re2 c2 58. Rf1 Rd1 59. Rxd1 cxd1Q 60. Rf2 Qh5+ 0-1

[Event "GER-ch U12"]
[Site "Oberhof"]
[Date "2010.05.23"]
[Round "1"]
[White "Altstadt, Karl Simon"]
[Black "Manusina, Nicole"]
[Result "1-0"]
[WhiteElo "1401"]
[BlackElo "1789"]
[PlyCount "137"]
[EventDate "2010.05.22"]
[EventType "swiss"]
[EventRounds "11"]
[EventCountry "GER"]
[SourceTitle "CBM 136 Extra"]
[Source "ChessBase"]
[SourceDate "2010.07.02"]
[SourceVersion "2"]
[SourceVersionDate "2010.07.15"]
[SourceQuality "1"]

1. e4 c6 2. d4 d5 3. exd5 cxd5 4. Bd3 Nc6 5. c3 g6 6. Bf4 Bg7 7. Nd2 Nh6 8. Ngf3 f6 9. Bxh6 Bxh6 10. 0-0 0-0 11. Re1 Bg7 12. c4 Nb4 13. Bb1 Kh8 14. a3 Nc6 15. cxd5 Qxd5 16. Be4 Qd8 17. Bxc6 bxc6 18. Rc1 Bd7 19. Ne4 Bh6 20. Rc3 Re8 21. Nc5 Rc8 22. Qa4 Bg4 23. h3 Bxf3 24. Rxf3 Qc7 25. Rb3 Qd6 26. Rb7 Rc7 27. Ne4 Qd8 28. Rxc7 Qxc7 29. Nxf6 Rd8 30. Ng4 Bg7 31. Ne5 Bxe5 32. Rxe5 Rd6 33. Qc4 Kg7 34. d5 Qd7 35. Qc3 Kf7 36. dxc6 Rxc6 37. Qf3+ Rf6 38. Qb3+ Kg7 39. Qe3 Rf7 40. Ra5 e6 41. Re5 Rf6 42. Ra5 Rf7 43. Ra6 Re7 44. Qc3+ Kf7 45. Qh8 h5 46. Qh7+ Kf6 47. Qh6 Qb5 48. Qf4+ Kg7 49. Qd4+ Kf7 50. Rxa7 Rxa7 51. Qxa7+ Kf6 52. Qd4+ Kf7 53. Qc3 Qd7 54. b4 Qd1+ 55. Kh2 Qd6+ 56. Qg3 Qb6 57. Qf4+ Kg7 58. a4 Qa7 59. a5 Qa6 60. Qc7+ Kf6 61. Qb6 Qe2 62. Qd4+ Kf7 63. Qf4+ Kg7 64. Qc7+ Kf6 65. Qc3+ Ke7 66. Qc5+ Kf7 67. b5 Qe4 68. Qc7+ Kf6 69. a6 1-0

[Event "GER-ch U10"]
[Site "Willingen"]
[Date "2008.05.11"]
[Round "10"]
[White "Altstadt, Karl Simon"]
[Black "Sadjjadi, Anahita"]
[Result "1/2-1/2"]
[WhiteElo "1177"]
[BlackElo "863"]
[PlyCount "101"]
[EventDate "2008.05.11"]
[EventType "swiss"]
[EventRounds "11"]
[EventCountry "GER"]
[SourceTitle "CBM 124 Extra"]
[Source "ChessBase"]
[SourceDate "2008.07.03"]
[SourceVersion "1"]
[SourceVersionDate "2008.07.03"]
[SourceQuality "1"]

1. e4 d5 2. exd5 Qxd5 3. Nc3 Qa5 4. Bc4 c6 5. Nf3 Bg4 6. 0-0 Nf6 7. d3 e6 8. Bf4 Bb4 9. Bd2 Nbd7 10. a3 Be7 11. Nd5 Qd8 12. Ne3 Bh5 13. Bc3 0-0 14. d4 h6 15. Be2 Qc7 16. Nd2 Bxe2 17. Qxe2 Qf4 18. Rae1 Bd6 19. g3 Qg5 20. Nf3 Qg6 21. Nh4 Qh7 22. Ng4 Be7 23. Rc1 Rad8 24. Rfd1 a6 25. a4 Nb6 26. Ba5 Nfd5 27. c4 Bg5 28. Rb1 Nxa4 29. Bxd8 Ndc3 30. bxc3 Nxc3 31. Qe5 Nxd1 32. Rxd1 Rxd8 33. Qe3 b5 34. cxb5 cxb5 35. Qd3 Bxh4 36. Qxh7+ Kxh7 37. gxh4 b4 38. Rb1 Rb8 39. Ne3 a5 40. Kf1 a4 41. Nc4 a3 42. Nxa3 b3 43. Ke2 Kg6 44. Kd3 Kh5 45. Rg1 b2 46. Kc2 g6 47. Nc4 Rc8 48. Kd3 Rb8 49. Kc2 Rc8 50. Kd3 Rb8 51. Kc2 1/2-1/2